书目信息 |
| 题名: |
建筑及室内效果图制作教程
|
|
| 作者: | 陈雪杰 , 朱文彬 编 | |
| 分册: | ||
| 出版信息: | 北京 机械工业出版社 2007.01 |
|
| 页数: | 346页, [8] 页图版 | |
| 开本: | 26cm | |
| 丛书名: | ||
| 单 册: | ||
| 中图分类: | TU201.4 | |
| 科图分类: | ||
| 主题词: | 建筑设计--jian zhu she ji--计算机辅助设计--应用软件--高等教育--教材 | |
| 电子资源: | ||
| ISBN: | 7-111-20353-4 | |
| 000 | 01140nam0 2200277 450 | |
| 001 | 012007173056 | |
| 005 | 20071106195610.41 | |
| 010 | @a7-111-20353-4@dCNY36.00 (含光盘) | |
| 100 | @a20071106d2007 km y0chiy0120 ea | |
| 101 | 0 | @achi |
| 102 | @aCN@b110000 | |
| 105 | @aaf z 000yy | |
| 106 | @ar | |
| 200 | 1 | @a建筑及室内效果图制作教程@Ajian zhu ji shi nei xiao guo tu zhi zuo jiao cheng@f陈雪杰, 朱文彬编@Fchen xue jie,zhu wen bin bian |
| 210 | @a北京@c机械工业出版社@d2007.01 | |
| 215 | @a346页, [8] 页图版@c图@d26cm@e光盘1片 | |
| 300 | @a高等职业教育“十一五”规划教材 | |
| 307 | @a光盘 ISBN : 7-89482-017-2 | |
| 330 | @a本书主要围绕“建筑及室内效果图制作”这一主题,详细讲解了3DS MAX建筑室内效果图制作的各种方法和技巧,全书共6章分别为效果图表现综述、3DS MAX 7.0基础知识、建模篇、材质篇、灯光篇及后期篇。 | |
| 333 | @a室内设计技术环境艺术设计建筑装饰工程技术专业适用 | |
| 606 | 0 | @a建筑设计@Ajian zhu she ji@x计算机辅助设计@x应用软件@x高等教育@j教材 |
| 690 | @aTU201.4@v4 | |
| 701 | 0 | @a陈雪杰@Achen xue jie@4编 |
| 701 | 0 | @a朱文彬@Azhu wen bin@4编 |
| 801 | 0 | @aCN@b@c20071106 |
| 905 | @b265090-94@dTU201.4@eC602@f5 | |
| 建筑及室内效果图制作教程/陈雪杰, 朱文彬编.-北京:机械工业出版社,2007.01 |
| 346页, [8] 页图版:图;26cm+光盘1片 |
| 高等职业教育“十一五”规划教材.-使用对象:室内设计技术环境艺术设计建筑装饰工程技术专业适用 |
| ISBN 7-111-20353-4:CNY36.00 (含光盘) |
| 本书主要围绕“建筑及室内效果图制作”这一主题,详细讲解了3DS MAX建筑室内效果图制作的各种方法和技巧,全书共6章分别为效果图表现综述、3DS MAX 7.0基础知识、建模篇、材质篇、灯光篇及后期篇。 |
| ● |
| 相关链接 |
|
|
|
正题名:建筑及室内效果图制作教程
索取号:TU201.4/C602
 
预约/预借
| 序号 | 登录号 | 条形码 | 馆藏地/架位号 | 状态 | 备注 |
| 1 | 265090 | 202650906 | 建筑库101/101建筑库 33排2列3层/ [索取号:TU201.4/C602] | 在馆 | |
| 2 | 265091 | 202650915 | 建筑库101/101建筑库 33排2列3层/ [索取号:TU201.4/C602] | 在馆 | |
| 3 | 265092 | 202650924 | 建筑库101/101建筑库 33排2列3层/ [索取号:TU201.4/C602] | 在馆 | |
| 4 | 265093 | 202650933 | 建筑库101/101建筑库 33排2列3层/ [索取号:TU201.4/C602] | 在馆 | |
| 5 | 265094 | 202650942 | 建筑库101/101建筑库 33排2列3层/ [索取号:TU201.4/C602] | 在馆 |